A catalogue of the Egyptian collection in the Fitzwilliam Museum, Cambridge /
Corporate Author:
Other Authors:
Format: Book
Language: English
Published:
Cambridge :
The University press,
1893.
Subjects:
Tags: Add Tag
Call Number: DT59 .C3 1893
| LEADER | 00725namaa2200229 4500 | ||
|---|---|---|---|
| 001 | 18345 | ||
| 003 | OSt | ||
| 005 | 20260517054854.0 | ||
| 008 | 130303s1893 enk c 001 0 eng d | ||
| 040 | |c ARCE Library | ||
| 043 | |a f-ua--- | ||
| 050 | 4 | |a DT59 .C3 1893 | |
| 110 | 2 | |a Fitzwilliam Museum. |9 22124 | |
| 245 | 1 | 2 | |a A catalogue of the Egyptian collection in the Fitzwilliam Museum, Cambridge / |c by E. A. Wallis Budge. |
| 264 | 1 | |a Cambridge : |b The University press, |c 1893. | |
| 300 | |a xii, 138 pages ; |c 23 cm. | ||
| 500 | |a Includes index. | ||
| 651 | 0 | |a Egypt |x Antiquities |v Catalogs. | |
| 700 | 1 | |a Budge, E. A. Wallis, |q (Ernest Alfred Wallis), |c Sir, |d 1857-1934. | |
| 901 | |a reviewed | ||
| 942 | |c BK |2 lcc | ||
| 999 | |c 17836 |d 17836 | ||
